MARC details
| 000 -CABECERA |
| campo de control de longitud fija |
01870nam a2200253 a 4500 |
| 005 - FECHA Y HORA DE LA ÚLTIMA TRANSACCIÓN |
| campo de control |
20260427105948.0 |
| 007 - CAMPO FIJO DE DESCRIPCIÓN FÍSICA--INFORMACIÓN GENERAL |
| campo de control de longitud fija |
cr |||aaaaaaa| |
| 008 - ELEMENTOS DE LONGITUD FIJA--INFORMACIÓN GENERAL |
| campo de control de longitud fija |
260427s2025 mx| ||||o ||| 000 0 spa d |
| 020 ## - NÚMERO INTERNACIONAL NORMALIZADO PARA LIBROS |
| Número Internacional Estándar del Libro |
9786072646070 |
| 040 ## - FUENTE DE LA CATALOGACIÓN |
| Centro catalogador/agencia de origen |
MX-MxUPN |
| Lengua de catalogación |
spa |
| Normas de descripción |
aacr2 |
| 041 0# - CÓDIGO DE IDIOMA |
| Código de lengua del texto/banda sonora o título independiente |
spa |
| 245 10 - MENCIÓN DE TÍTULO |
| Título |
Currículum y dispositivos universitarios ante la pandemia del covid-19 |
| Medio |
[recurso electrónico en línea] |
| 250 ## - MENCIÓN DE EDICIÓN |
| Mención de edición |
Primera edición |
| 260 ## - PUBLICACIÓN, DISTRIBUCIÓN, ETC. |
| Lugar de publicación, distribución, etc. |
Cuernavaca, Morelos, México : |
| Nombre del editor, distribuidor, etc. |
Universidad Autónoma del Estado de Morelos, |
| Fecha de publicación, distribución, etc. |
2025. |
| 300 ## - DESCRIPCIÓN FÍSICA |
| Extensión |
1 recurso en línea (214 páginas) : |
| Otras características físicas |
PDF |
| 505 ## - NOTA DE CONTENIDO CON FORMATO PREESTABLECIDO |
| Título |
Revisión epistemológica y compleja de las teorías curriculares: las categorías de homos y tiempo / |
| Mención de responsabilidad |
Virginia Gonfiantini Benassi.-- |
| Título |
El currículum universitario como dispositivo de poder / |
| Mención de responsabilidad |
Rita Guadalupe Angulo Villanueva.-- |
| Título |
Transformación curricular: una tarea permanente / |
| Mención de responsabilidad |
Marina Polo Mimó.-- |
| Título |
Currículum integrador e interdisciplinario en espacios universitarios / |
| Mención de responsabilidad |
Elisa Lugo Villaseñor y Viridiana Aydeé León Hernández.-- |
| Título |
Repensando el currículum en la universidad / |
| Mención de responsabilidad |
Analía E. Leite Méndez.-- |
| Título |
Currículum y educación en línea durante la pandemia del COVID-19 / |
| Mención de responsabilidad |
Lilia Martínez Lobatos.-- |
| Título |
Currículo interdisciplinario en la formación en ingeniería en México: retos y desafíos en el escenario de la industria 4.0 / |
| Mención de responsabilidad |
Viridiana Aydeé León Hernández.-- |
| Título |
Gestión curricular en educación superior: desafíos emergentes en el marco de la pandemia COVID-19 / |
| Mención de responsabilidad |
María Angélica Guzmán Droguett. |
| 506 0# - NOTA DE RESTRICCIONES AL ACCESO |
| Limitaciones de acceso |
Acceso abierto |
| 700 1# - ASIENTO SECUNDARIO--NOMBRE DE PERSONAL |
| Nombre de persona |
Lugo Villaseñor, Elisa |
| 9 (RLIN) |
59379 |
| Término indicativo de función/relación |
coordinación |
| 700 1# - ASIENTO SECUNDARIO--NOMBRE DE PERSONAL |
| Nombre de persona |
León Hernández, Viridiana Aydeé |
| 9 (RLIN) |
59380 |
| Término indicativo de función/relación |
coordinación |
| 700 1# - ASIENTO SECUNDARIO--NOMBRE DE PERSONAL |
| Nombre de persona |
Flores Chávez, Claudia Italia |
| 9 (RLIN) |
59381 |
| Término indicativo de función/relación |
coordinación |
| 856 40 - LOCALIZACIÓN Y ACCESO ELECTRÓNICOS |
| Identificador Uniforme del Recurso |
<a href="http://riaa.uaem.mx/handle/20.500.12055/4899">http://riaa.uaem.mx/handle/20.500.12055/4899</a> |
| 902 ## - ELEMENTOS DE DATOS B LOCAL, LDB (RLIN) |
| Creó |
JohanaAllegre/270426 |
| 942 ## - ELEMENTOS DE PUNTO DE ACCESO ADICIONAL (KOHA) |
| Fuente del sistema de clasificación o colocación |
Library of Congress Classification |
| Tipo de ítem Koha |
Libro Electrónico |